Химия (Запис номер 482156)
[ съкратено ]
| 000 -Лидер | |
|---|---|
| Контролно поле с фиксирана дължина | nam a22 a 4500 |
| 003 - Код на организацията, давaща контролен номер | |
| Контролно поле | BLK |
| 005 - Дата и час на последна редакция | |
| Контролно поле | 20221128080223.0 |
| 008 - Елементи от данни с фиксирана дължина | |
| fixed length control field | 221128b bul|||||r ||||||| ||bul|| |
| 040 ## - Източник на каталожния запис | |
| Идентификатор на билиотеката - собственик на записа | BLK |
| 041 ## - Код за език | |
| Код за езика на текст/звукозапис или на отделно заглавие | Български |
| Код за езика КДБФ | Български |
| 080 ## - УДК | |
| Текстов определител УДК | Химия. Кристалография. Минералогия. Вж и 577.1; 66; 612.015; 631.41 |
| УДК код - определител по УДК | 54 |
| УДК определител | (075.3) |
| УДК - код + определител | 54(075.3) |
| 139 ## - Редно поле | |
| Редна дума | Химия |
| 245 10 - Сведения за заглавието | |
| Заглавие | Химия |
| Подзаглавни данни | За I курс на техникумите и СПТУ |
| Редно поле (дума) | З. Малчева и др. |
| 250 ## - Област на изданието | |
| Сведения за изданието | 2. изд. |
| 257 ## - Страна на издаване | |
| Страна на създаване/издаване | България |
| 260 ## - Област на издателските данни | |
| Място на издаване, разпространение и проч. | София |
| Име на издателя, разпространителя и проч. | Нар. просв. |
| Година на издаване | 1979 |
| 300 ## - Физическа характеристика | |
| Страници | 175 с. |
| Илюстрации и др. | с ил., табл., 8 л. ил. |
| Размери/Мащаб | 22 см |
| Съпровождащи материали | табл. 3 л. |
| 380 ## - Жанр | |
| Жанр | Естествени науки. Математика |
| 500 ## - Общи забележки | |
| Забележка | Други авт.: К. Манолов, М. Илиева, Ал. Спасов, Ив. Гълъбов, Д. Атанасова<br/>1. изд. 1966 ; Предходните изд. с авт. М. Илиева, Ив. Гълъбов, Д. Атанасова ; В кн. означено 2. изд. |
| 650 #0 - Допълнително описание по предмет – тема | |
| 9 (RLIN) | 245457 |
| Основно описание – тема или топоним | Химия - учебници за средни училища |
| 653 #7 - Ключова дума – ненормативна | |
| 9 (RLIN) | 199113 |
| Ключова дума | учебници за техникуми |
| 700 ## - Други автори (авторска отговорност) | |
| 9 (RLIN) | 243241 |
| Лично име | Малчева, Здравка Михайлова |
| Автороска отговорност (Описва отношението между автора и произведението) | съавт. |
| 852 ## - Местоположение | |
| Форматна сигнатура | Цб 99012 |
| Фондова буква | Хранилище |
| 856 ## - Електронен адрес и достъп | |
| Инструкция (цена за достъп) | 0.00 |
| Права за достъп | disable |
| 999 ## - СИСТЕМНИ КОНТРОЛНИ НОМЕРА | |
| Koha biblionumber | 482156 |
| Koha biblioitemnumber | 482156 |
| 942 ## - АРТИКУЛИ | |
| Вид на библиотечния материал | Книги |
| Скрит в OPAC | Не |
| Периодичен библиозапис | Да |
| 944 ## - СЪЗДАВАНЕ И РЕДАКЦИЯ на ЗАПИСА | |
| Създаване/Редакция | Създаване |
| Дата на регистрацията/редакция | 2022-11-28 |
| Служител, извършил регистрацията/редакцията | А.М. |
| Код за отписване | Код за изгубен артикул | Източник на класификационната схема | Код за повреда | Коз за рестрикции | Код за отдаване | Артикулен № | Име на библиотеката - собственик | Име на библиотеката, в която се намира в момента | Статус (Текущо местоположение) | Дата на вписване в системата | Местоположение - отдел | Цена в лева | Инвентарен номер | Систематично азбучна сигнатура | Баркод | Цена в евро | Служебен тип на артикула |
|---|---|---|---|---|---|---|---|---|---|---|---|---|---|---|---|---|---|
| Не е изгубен | Universal Decimal Classification | Не е повреден | само за читалня | ползва се в читалня | 916565 | Регионална библиотека "Любен Каравелов" Русе | Регионална библиотека "Любен Каравелов" Русе | Хранилище | 2022-12-07 | Хранилище | 0.70 | 283358 | Цб 99012 | 120000283358 | 0.36 | Книги |